000 00472nam a2200181Ia 4500
005 20250508152648.0
008 008 250505s9999 xx 000 0 eng d
037 _aTextual
040 _aFEDL
_beng
_cFEDL
041 _aeng
_2eng
084 _a500, ABB
_qFEDL
100 _aAbbott W Ed.
_9762095
245 0 _aYoung scientist
260 _aLondon, UK
_bChatto and Windus
_c1960
300 _a320p
942 _cTEXL
_h500, ABB
999 _c1337880
_d1337880